Zakázané rozkoše

Bibliographic Details
Main Author: Small, Bertrice, 1937-2015 (Author)
Other Authors: Donátová, Eva (Translator)
Format: Book
Language:Slovak
English
PhysicalDescription:261 s. 21 cm
Published: Bratislava Ikar 2007
ISBN:9788055114804
Edition:[1. vyd.]
Subjects:

MARC

LEADER 00000cam a2200000 a 4500
001 vtls008998203
003 SK-MaSNL
005 20260302005251.0
008 251031s2005 xo g 000 f slo
015 |a SNBA2007/09-04286 
020 |a 9788055114804  |q (viaz.) 
035 |a 7E634B6C-CA50-46AA-83D4-687370888376 
035 |a urn:nbn:sk:snk-amlbyu 
035 |a urn:nbn:sk:snk-am0091ra 
040 |a SNK  |b slo  |c SNK  |e AACR2 
041 1 |a slo  |h eng 
044 |a xo  |c SK 
072 7 |a 821.111(73)-3  |x Americká próza  |2 konspekt 
080 |a 821.111(73)-31  |2 2001 
080 |a (0:82-312.5)  |2 2001 
100 1 |a Small, Bertrice,  |d 1937-2015  |4 aut  |9 203202 
240 1 0 |a Forbidden pleasures  |l Slovensky 
245 1 |a Zakázané rozkoše  |c Bertrice Smallová ; [z anglického originálu preložila Eva Donátová] 
250 |a [1. vyd.] 
260 |a Bratislava  |b Ikar  |c 2007 
300 |a 261 s.  |c 21 cm 
655 7 |a americké romány  |2 SNKPH  |9 1174 
655 7 |a ľúbostné romány  |2 SNKPH  |9 70497 
655 7 |a umelecká literatúra  |2 SNKPH  |9 60405 
700 1 |a Donátová, Eva  |4 trl  |9 646465 
919 |a 978-80-551-1480-4 
958 |a OP 
958 |a LX 
958 |a OND 
968 |b ENG  |d 821 
999 |c 998913  |d 1000843 
952 |a SNK  |b SNK  |y PREZ  |7 0  |p 17A0558041  |o snkSC 128787  |i snk2007/17520  |8 0  |0 0  |1 0  |4 0  |d 2007-07-23  |f 1  |l 0  |r 2025-06-17 00:00:00  |w 2026-02-24 
952 |a SNK  |b SNK  |y PREZ  |7 0  |p 17A0561550  |o snkSC 128787 D1  |i snk2007/19527  |8 0  |0 0  |1 0  |4 0  |d 2007-08-27  |l 0  |r 2026-02-24 12:11:45  |w 2026-02-24